Fränkische und oberpfälzische Orte und Seen - Statistiken

Allgemein
  • Dieses Quiz wurde 83 mal gespielt
    80 seit der letzten Aktualisierung
  • Das Durchschnittsergebnis liegt bei 7 aus 17
Antwortstatistiken
Bildquiz Antwort % Korrekt
Bamberg
92%
Würzburg
86%
Nürnberg
85%
Bayreuth
76%
Erlangen
65%
Fürth
64%
Brombachsee
44%
Ansbach
42%
Schweinfurt
38%
Rothenburg ob der Tauber
33%
Main Donau Kanal
32%
Neumarkt (i. d. Oberpfalz)
32%
Lauf a. d. Pegnitz
17%
Rothsee
17%
Herzogenaurach
9%
Wöhrder See (in Nürnberg)
8%
Altschauerberg
5%
Keine übereinstimmenden Quizze gefunden
Verteilung der Resultate
Anzahl Personen mit jedem Resultat
Perzentil nach korrekt beantworteten Fragen
Ihre Resultats-Entwicklung
Sie haben dieses Quiz seit der letzten Aktualisierung nicht gespielt